| 000 | 00684nam a2200229 u 4500 | ||
|---|---|---|---|
| 005 | 20240612064130.0 | ||
| 008 | 180525s2007 mx r 000 0 spa d | ||
| 020 | _a9789706418265 | ||
| 035 | _aUPN01000224971 | ||
| 049 | _aCG | ||
| 050 | 4 |
_aHQ56 _bD6.8 |
|
| 100 | 1 |
_aDomínguez Prieto, Xosé Manuel, _d1962- _941938 |
|
| 245 | 1 | 3 |
_aEl valor de la afectividad : _bamor y sexualidad / _cXosé Manuel Domínguez. |
| 260 |
_aMéxico : _bProgreso, _c2007. |
||
| 300 | _a159 p. | ||
| 440 | 0 | _aEducar con valores y virtudes | |
| 650 | 4 |
_aEducación sexual _97445 |
|
| 650 | 4 |
_aEducación moral _91396 |
|
| 650 | 4 |
_aRelaciones de pareja _96414 |
|
| 905 | _aLibro | ||
| 999 |
_c197067 _d197067 |
||